000 00704nam a22002057a 4500
999 _c12752
_d12752
003 AR-CdUCM
008 190402b ||||| |||| 00| 0 spa d
040 _aMUNICIPALIDAD PROVINCIAL DEL CUSCO
_cBIBLIOTECA MUNICIPAL DEL CUSCO
082 _aEP / 372.510 /
_bC93
110 _aEscuela Nueva
_928121
245 _aCuaderno de trabajo de matematica escuela nueva :
_bCuarto grado de primaria /
260 _aLima :
_bEscuela Nueva,
_c1994.
300 _a111 paginas ;
_bilustraciones, graficos, dibujos,
_c28 cm.
500 _aMatematicas
650 _aMatematica
_920026
650 _aTexto educativo
_925832
650 _aCuaderno de trabajo
_911620
942 _2ddc
_cLIBROS
945 _apjha
_d2019-04-10